01588cam a2200337 a 4500008004100000020002200041245019000063250001200253260004800265300005800313500002000371504004100391650003100432650003100463650004300494650005900537650006800596650006400664650007300728650005700801650006600858650006000924650006900984655003001053700002101083710004601104710007301150003000101223005001701224040000901241  a1853155608 (pbk.)00aWHO guide to mental and neurological health in primary care :ba guide to mental and neurological ill health in adults, adolescents, and children /cedited by Rachel Jenkins... [et al.] a2nd ed. aLondon :bRoyal Society of Medicine,c2004. axiv, 305 p. :bill. ;c24 cm. +e1 CD-ROM (4 3/4 in.) aIncludes index. aIncludes bibliographical references. 0aMental illnessxDiagnosis. 0aMental illnessxTreatment. 0aMental illnessxTreatmentxManagement.12aMental DisordersxdiagnosiszGreat BritainvHandbooks.12aMental DisordersxdiagnosiszGreat BritainvPractice Guideline.22aMental DisordersxclassificationzGreat BritainvHandbooks.22aMental DisordersxclassificationzGreat BritainvPractice Guideline.22aMental DisordersxtherapyzGreat BritainvHandbooks.22aMental DisordersxtherapyzGreat BritainvPractice Guideline.22aPrimary Health CarexmethodszGreat BritainvHandbooks.22aPrimary Health CarexmethodszGreat BritainvPractice Guideline. 7aPractice Guideline.2mesh1 aJenkins, Rachel.2 aRoyal Society of Medicine (Great Britain)2 aWHO Collaborating Centre for Research and Training in Mental Health.20230123122016.0 cNUST